Narraciones de un exorcista

Saved in:
Bibliografiske detaljer
Hovedforfatter: Amorth, Gabriele (Author)
Format: Bog
Sprog:spansk
Udgivet: Bogotá San Pablo 1996
Udgivelse:2a. ed
Serier:Colección Teológica
Fag:
Tags: Tilføj Tag
Ingen Tags, Vær først til at tagge denne postø!

MARC

LEADER 00000nam a2200000 a 4500
001 UCK0762
003 CL-VaPUC
008 041022e19960000CK |||||||||||||||||spa|d
020 |a 9586078027 
082 0 4 |a 265.94  |b AMO  |2 21 
100 0 |a Amorth, Gabriele  |e author  |9 488632 
245 1 0 |a Narraciones de un exorcista 
250 |a 2a. ed 
300 |a 154 p 
942 |c BK 
945 |d 20041022 00:00:00  |a cmena 
260 |a Bogotá  |b San Pablo  |c 1996 
600 0 7 |a DIABLO  |2 CL-VaPUC  |9 344958 
650 0 |a Exorcismo  |9 319894 
650 0 |a Bien y mal   |9 311093 
650 0 |a Filosofía cristiana   |9 265980 
583 |a last modification  |c 20041022 00:00:00  |k Rodrigo Vera 
490 0 |a Colección Teológica 
999 |c 311034  |d 311032 
952 |0 0  |1 0  |4 0  |6 265_940000000000000_AMO_1996  |7 0  |8 A  |9 380215  |a BIBTEO  |b BIBTEO  |d 2019-11-21  |i 4064666  |l 4  |m 2  |o 265.94 AMO 1996  |p 4064666  |r 2025-04-30  |s 2025-04-16  |w 2019-11-21  |y BK  |k ICR